[Event "ch-USA 2014"]
[Site "Saint Louis USA"]
[Date "2014.05.13"]
[Round "6.3"]
[White "Akobian,V"]
[Black "Ramirez,Alej"]
[Result "1-0"]
[WhiteElo "2643"]
[BlackElo "2595"]

1.d4 d5 2.c4 c6 3.Nc3 dxc4 4.Nf3 e6 5.a4 Bb4 6.e4 Nf6 7.Qc2 c5 8.dxc5 Qa5
9.Bxc4 Qxc5 10.Bd3 Nbd7 11.O-O a6 12.Qe2 e5 13.Na2 O-O 14.Nxb4 Qxb4 15.b3 Re8
16.Ba3 Qb6 17.Rfc1 Nh5 18.g3 Nf8 19.Nh4 Nf6 20.a5 Qd8 21.Rd1 Ne6 22.Nf5 Nd4
23.Nxd4 Qxd4 24.Bb2 Qa7 25.Kg2 Bg4 26.f3 Be6 27.b4 Nd7 28.Rac1 Nf8 29.Qf2 Qxf2+
30.Kxf2 Bb3 31.Rd2 f6 32.Rc3 Bf7 33.Rc7 Rab8 34.Ke3 Ne6 35.Rd7 Nf8 36.Rc7 Ne6
37.Rd7 Nf8 38.Rd6 Rec8 39.f4 exf4+ 40.gxf4 Bc4 41.Bb1 Re8 42.f5 Re7 43.Kf4 Rbe8
44.Rg2 Kf7 45.Rd4 Bb3 46.Rg3 g5+ 47.Ke3 Nd7 48.Kd2 Ba4 49.Rd6 Rxe4 50.Bxe4 Rxe4
51.Rh3 Kg7 52.Re3 Rxe3 53.Kxe3 Kf7 54.h4 h6 55.hxg5 hxg5 56.Bd4 Ke7 57.Re6+ Kf7
58.Rd6 Ke7 59.Bc5 Nxc5 60.bxc5 Bd7 61.Rb6 Bc6 62.Kf2 Kf7 63.Kg3 Ke7 64.Kg4 Kf7
65.Rb3 Ke7 66.Re3+ Kf7 67.Rh3 Kg7 68.Rd3 Kf7 69.Rd8 Ke7 70.Rc8 Kd7 71.Rf8 Ke7
72.Rc8 Kd7 73.Rh8 Bd5 74.Rh7+ Kc6 75.Rh6 Kxc5 76.Rxf6 Kb5 77.Rd6 Ba2 78.Rb6+ Kxa5
79.Rxb7 Ka4 80.Kxg5 a5 81.Kf4 Ka3 82.Ke3 a4 83.Kd2 Bd5 84.f6 Ka2 85.Kc3  1-0

[Event "ch-USA 2014"]
[Site "Saint Louis USA"]
[Date "2014.05.14"]
[Round "7.2"]
[White "Robson,R"]
[Black "Akobian,V"]
[Result "0-1"]
[WhiteElo "2631"]
[BlackElo "2643"]

1.d4 d5 2.c4 e6 3.Nf3 Nf6 4.g3 Bb4+ 5.Bd2 Be7 6.Bg2 O-O 7.O-O c6 8.Qc2 Nbd7
9.Bf4 Nh5 10.Bc1 Nhf6 11.Nbd2 b6 12.b3 Bb7 13.Bb2 Rc8 14.Rad1 c5 15.Qb1 dxc4
16.Nxc4 Be4 17.Qa1 cxd4 18.Bxd4 Qc7 19.Bh3 Rfd8 20.Rc1 Qb7 21.Ng5 Bc6 22.Qb1 Nf8
23.Rfd1 h6 24.Nf3 Bxf3 25.exf3 Qxf3 26.Ne5 Qh5 27.Rxc8 Rxc8 28.Bg2 Ng4 29.Nxg4 Qxg4
30.Be3 Bg5 31.h3 Qh5 32.Bd4 Rd8 33.g4 Qh4 34.Be5 Rxd1+ 35.Qxd1 Be7 36.Qe2 Bc5
37.Bb8 a5 38.Qf3 Qd8 39.Bf4 Ng6 40.Bg3 Qd2 41.a4 Bd6 42.Bxd6 Qxd6 43.Qc3 Nf4
44.Bf1 Qd1 45.Qc8+ Kh7 46.Qc4 g5 47.Qe4+ Kg8 48.Qe3 Kf8 49.b4 Qxa4 50.b5 Nd5
51.Qe5 Qf4 52.Qh8+ Ke7 53.Qxh6 Nc3 54.Bg2 Nd1 55.f3 Qe3+ 56.Kh1 Nc3 57.Qg7 Ne2
58.Qa1 a4 59.h4 gxh4 60.g5 Qc1+  0-1

[Event "ch-USA 2014"]
[Site "Saint Louis USA"]
[Date "2014.05.16"]
[Round "8.1"]
[White "Akobian,V"]
[Black "Erenburg,S"]
[Result "1-0"]
[WhiteElo "2643"]
[BlackElo "2633"]

1.d4 d5 2.c4 dxc4 3.Nf3 Nf6 4.e3 e6 5.Bxc4 a6 6.O-O b5 7.Bd3 Bb7 8.a4 b4
9.Qe2 c5 10.Nbd2 Be7 11.Nb3 Nbd7 12.dxc5 Nxc5 13.Nxc5 Bxc5 14.e4 h6 15.a5 O-O
16.e5 Nd7 17.Bf4 Qe7 18.Be4 Rfb8 19.Rfc1 Ba7 20.Bxb7 Rxb7 21.Rc6 Nc5 22.Qc4 Rd8
23.Be3 Nd3 24.Bxa7 Rxa7 25.b3 Rd5 26.h3 Nxe5 27.Nxe5 Rxe5 28.Rxa6 Rxa6 29.Qxa6 Qc7
30.Qb6 Qc3 31.Qd8+ Kh7 32.Qd1 Qb2 33.a6 Rf5 34.a7  1-0

[Event "ch-USA 2014"]
[Site "Saint Louis USA"]
[Date "2014.05.17"]
[Round "9.1"]
[White "Shankland,S"]
[Black "Akobian,V"]
[Result "1-0"]
[WhiteElo "2634"]
[BlackElo "2643"]

1.e4 c6 2.d4 d5 3.e5 Bf5 4.Nf3 e6 5.Be2 c5 6.O-O Nc6 7.c3 cxd4 8.Nxd4 Nge7
9.Nxf5 Nxf5 10.Bd3 Bc5 11.Nd2 g6 12.Nf3 Nh4 13.Re1 Nxf3+ 14.Qxf3 Rc8 15.a3 Be7
16.Qg3 a6 17.Bh6 Bf8 18.Bf4 Bg7 19.h4 Bf8 20.h5 Be7 21.Rad1 Na5 22.Qg4 Nc4
23.Re2 Qb6 24.Bc1 Qc7 25.Qg3 b5 26.Bc2 Qc6 27.Rd3 Rd8 28.Rf3 g5 29.h6 d4
30.Qg4 dxc3 31.Rxc3 Qb6 32.b3 Qa5 33.Qf3 g4 34.Qc6+ Kf8 35.b4 Bxb4 36.Rxc4 bxc4
37.axb4 Qa1 38.Qc5+ Ke8 39.Re1 g3 40.fxg3 Qd4+ 41.Qxd4 Rxd4 42.Bg5 Rg8 43.Ba4+ Kf8
44.Be3  1-0

[Event "ch-USA 2014"]
[Site "Saint Louis USA"]
[Date "2014.05.18"]
[Round "10.1"]
[White "Akobian,V"]
[Black "Kamsky,G"]
[Result "1/2-1/2"]
[WhiteElo "2643"]
[BlackElo "2713"]

1.d4 f5 2.Nc3 d5 3.Bf4 e6 4.e3 a6 5.Nf3 Nf6 6.Bd3 c5 7.dxc5 Bxc5 8.O-O Nc6
9.Ne2 Nb4 10.a3 Nxd3 11.cxd3 Bd7 12.Rc1 Rc8 13.Qd2 O-O 14.Rxc5 Rxc5 15.Bd6 Rc8
16.Bxf8 Qxf8 17.Rc1 b6 18.Ne5 Rxc1+ 19.Qxc1 Qc8 20.Qxc8+ Bxc8 21.Nd4 a5 22.f4 Kf8
23.Kf2 Ke7 24.h3 Nd7 25.Ndf3 Nc5 26.Ke1 Bd7 27.Kd2 Be8 28.b4 axb4 29.axb4 Nb7
30.g4 fxg4 31.hxg4 Nd6 32.Nd4 h6 33.Ke2 Kf6 34.Ndf3 g5 35.fxg5+ hxg5 36.Kd2 Ba4
37.Ke2 Bb5  1/2-1/2

[Event "ch-USA 2014"]
[Site "Saint Louis USA"]
[Date "2014.05.19"]
[Round "11.1"]
[White "Lenderman,A"]
[Black "Akobian,V"]
[Result "1/2-1/2"]
[WhiteElo "2582"]
[BlackElo "2643"]

1.c4 e6 2.g3 d5 3.Bg2 dxc4 4.Qa4+ Nd7 5.Qxc4 Ngf6 6.Nf3 a6 7.Qc2 c5 8.Nc3 Ra7
9.O-O Be7 10.d4 b6 11.Rd1 Bb7 12.dxc5 bxc5 13.Bg5 O-O 14.e4 h6 15.Bf4 Qa8
16.Nd2 g5 17.Bc7 Rc8 18.Ba5 c4 19.Na4 Bc6 20.Nb6 Nxb6 21.Bxb6 Rd7 22.f3 g4
23.Be3 gxf3 24.Bxf3 h5 25.Rac1 Bb7 26.Nxc4 Rxd1+ 27.Rxd1 Bxe4 28.Bxe4 Qxe4
29.Qxe4 Nxe4 30.b3 Bc5 31.Bxc5 Rxc5 32.Rd8+ Kg7 33.Ra8 Rc6 34.Ra7 Nd6 35.Nxd6 Rxd6
36.Kf1 Kg6 37.Ke2 e5 38.b4 f6 39.Rc7 Kf5 40.Rc4 Ke6 41.Rh4 Rc6 42.a4 Rb6
43.Kd3 Kd5 44.Kc3 Rc6+ 45.Kb3 e4 46.Rxh5+ Kd4 47.Rc5 Re6 48.Kc2 Rb6 49.Ra5 Rxb4
50.Rxa6 f5 51.a5 Ra4 52.Rd6+ Ke5 53.Rh6 Rxa5 54.Kd2 Ra2+ 55.Ke3 Ra3+ 56.Ke2 Ra2+
57.Ke3 Ra3+ 58.Ke2 Ra2+  1/2-1/2

[Event "ch-USA TB 2014"]
[Site "Saint Louis USA"]
[Date "2014.05.20"]
[Round "1"]
[White "Akobian,V"]
[Black "Kamsky,G"]
[Result "1/2-1/2"]
[WhiteElo "2643"]
[BlackElo "2713"]

1.d4 d5 2.c4 c6 3.Nc3 Nf6 4.Nf3 a6 5.g3 dxc4 6.Ne5 g6 7.Nxc4 Bg7 8.Bg2 Be6
9.Qd3 Nd5 10.Nxd5 Bxd5 11.Bxd5 cxd5 12.Ne5 Nd7 13.Nxd7 Qxd7 14.O-O Qb5 15.Rd1 Qxd3
16.Rxd3 Kd7 17.Bd2 Rhc8 18.Kf1 e6 19.e3 Rc2 20.Rb1 Rac8 21.Ke1 Bf8 22.Bc3 h5
23.h4 Bd6 24.Rd2 Rxd2 25.Kxd2 Ke7 26.Kd3 Kf6 27.Rg1 Ke7 28.f3 Kd7 29.Rg2 b5
30.a3 Rg8 31.Be1 Ra8 32.Bb4 Bc7 33.Bc5 Rg8 34.f4 a5 35.b3 Ra8 36.Rc2 Bd8
37.Rc1 Rc8 38.Rc2 Rc6 39.Rc1 Be7 40.b4 a4 41.e4 Rc8 42.e5 Bd8 43.Rc2 Rc6
44.Rc1 Rc8 45.Rc2 Rc6 46.Ke3 Rc8 47.Kf3 f5 48.Ke3  1/2-1/2

[Event "ch-USA TB Armageddon 2014"]
[Site "Saint Louis USA"]
[Date "2014.05.20"]
[Round "1"]
[White "Lenderman,A"]
[Black "Akobian,V"]
[Result "0-1"]
[WhiteElo "2582"]
[BlackElo "2643"]

1.c4 e5 2.g3 Nc6 3.Bg2 Nf6 4.Nc3 Bc5 5.e3 O-O 6.a3 a6 7.Nge2 d6 8.O-O h6
9.b4 Ba7 10.Bb2 Rb8 11.d4 exd4 12.exd4 Bf5 13.c5 Qd7 14.Nf4 Rfe8 15.Rc1 Ne7
16.Re1 c6 17.Qb3 Ng6 18.Nxg6 Bxg6 19.Rxe8+ Rxe8 20.d5 dxc5 21.dxc6 bxc6 22.Na4 c4
23.Qxc4 Bxf2+ 24.Kxf2 Qd2+ 25.Kg1 Re2 26.Bxc6 Ne4 27.Bd4 Rg2+ 28.Kf1 Rf2+
29.Kg1 Rg2+ 30.Kf1 Rxh2 31.Qc2 Rh1+ 32.Bg1 Nxg3+  0-1

[Event "ch-USA TB 2014"]
[Site "Saint Louis USA"]
[Date "2014.05.20"]
[Round "2"]
[White "Kamsky,G"]
[Black "Akobian,V"]
[Result "1-0"]
[WhiteElo "2713"]
[BlackElo "2643"]

1.d4 d5 2.Bf4 c6 3.e3 Bf5 4.Nf3 e6 5.Be2 Bd6 6.Bg3 Nf6 7.Nbd2 O-O 8.c4 Ne4
9.Qb3 Bxg3 10.hxg3 Nd7 11.Nxe4 Bxe4 12.O-O Rb8 13.Nd2 Bg6 14.Qa3 a6 15.Rac1 Re8
16.b4 Qe7 17.Qb2 dxc4 18.Nxc4 e5 19.Rfd1 exd4 20.Rxd4 Nf6 21.Rcd1 c5 22.bxc5 Qxc5
23.Nd6 Rf8 24.Nxb7 Qa7 25.Rb4 Be4 26.Nd6 Rxb4 27.Qxb4 Bd5 28.Nf5 Re8 29.Qf4 Be6
30.Nxg7 Kxg7 31.Qg5+ Kf8 32.Qxf6 Kg8 33.Qg5+ Kf8 34.Bd3 a5 35.Bxh7 Rc8 36.Bf5 Bxf5
37.Qxf5 Qc5 38.Rd8+  1-0